书目信息 |
| 题名: |
生理产科学
|
|
| 作者: | 柯应夔 著 | |
| 分册: | ||
| 出版信息: | 北京 人民卫生出版社 1959 |
|
| 页数: | 443页 | |
| 开本: | 26cm | |
| 丛书名: | ||
| 单 册: | ||
| 中图分类: | R714.1 | |
| 科图分类: | ||
| 主题词: | 生殖生理学--产科学 | |
| 电子资源: | ||
| ISBN: | 14048.1711 | |
| 000 | 00648nam0 2200229 450 | |
| 001 | 0105455447 | |
| 005 | 20080104101912.0 | |
| 010 | @a14048.1711@dCNY5.10 | |
| 091 | @a14048.1711@b精装@dCNY5.10 | |
| 100 | @a19960423d1959 em y0chiy0110 ea | |
| 101 | 0 | @achi |
| 102 | @aCN@b110000 | |
| 105 | @af z 000yy | |
| 106 | @ar | |
| 200 | 1 | @a生理产科学@9Sheng Li Chan Ke Xue @f柯应夔等著@b专著 |
| 210 | @a北京@c人民卫生出版社@d1959 | |
| 215 | @a443页@c图表@d26cm | |
| 606 | 0 | @a生殖生理学@x产科学 |
| 690 | @aR714.1@v3 | |
| 701 | 0 | @a柯应夔@f(1904~1979)@9ke ying kui@4著 |
| 801 | 0 | @aCN@b上海图书馆@c19970403 |
| 905 | @aBZT@dR714.1@e1@f1@sR714.1/1 | |
| 生理产科学/柯应夔等著.-北京:人民卫生出版社,1959 |
| 443页:图表;26cm |
| ISBN 14048.1711:CNY5.10 |
| ● |
| 相关链接 |
|
|
|
正题名:生理产科学
索取号:R714.1/1
 
预约/预借
| 序号 | 登录号 | 条形码 | 馆藏地/架位号 | 状态 | 备注 |
| 1 | 2000116669 | 2000116669 | 旧书回溯/ [索取号:R714.1/1] | 在馆 |